Μορφολογική και οικολογική μελέτη νησιωτικής παραλίας που εμφανίζει παραλιακούς ψαμμίτες : η περίπτωση της παραλίας του Καλαφάτη στην νήσο Μύκονο : πτυχιακή εργασία

Αποθηκεύτηκε σε:
Λεπτομέρειες βιβλιογραφικής εγγραφής
Κύριος συγγραφέας: Ελευθερίου, Αντώνιος
Συγγραφή απο Οργανισμό/Αρχή: Πανεπιστήμιο Αιγαίου Σχολή Περιβάλλοντος Τμήμα Επιστημών της Θάλασσας
Άλλοι συγγραφείς: Βελεγράκης, Αντώνιος Φ. (Εισηγητής διατριβής), Κουτσούμπας, Δρόσος (Εισηγητής διατριβής)
Μορφή: Thesis Βιβλίο
Γλώσσα:Greek
Δημοσίευση: Μυτιλήνη : Πανεπιστήμιο Αιγαίου, Σχολή Περιβάλλοντος, Τμήμα Επιστήμη της Θάλασσας, 2006
Θέματα:
Ετικέτες: Προσθήκη ετικέτας
Δεν υπάρχουν, Καταχωρήστε ετικέτα πρώτοι!

MARC

LEADER 00000cam a2200000 i 4500
001 1/40109
008 070118s2006 gre d
035 |l 10086752 
040 |a GR-MY-UA  |b gre  |e aacr 
041 0 |a gre 
082 0 |a 551.457  |2 (22) 
100 1 |a Ελευθερίου, Αντώνιος. 
245 1 0 |a Μορφολογική και οικολογική μελέτη νησιωτικής παραλίας που εμφανίζει παραλιακούς ψαμμίτες :  |b η περίπτωση της παραλίας του Καλαφάτη στην νήσο Μύκονο : πτυχιακή εργασία /  |c Ελευθερίου Αντώνιος ; υπεύθυνος καθηγητής Βελεγράκης Α.Φ ; υπεύθυνος καθηγητής Κουτσούμπας Δρόσος 
260 |a Μυτιλήνη :   |b Πανεπιστήμιο Αιγαίου, Σχολή Περιβάλλοντος, Τμήμα Επιστήμη της Θάλασσας,   |c 2006 
300 |a 176 σ.;  |b διαγρ, έγχρ. εικ, πιν, χάρτες.;  |c 30 εκ. 
502 # # |a Πτυχιακή εργασία – Πανεπιστήμιο Αιγαίου, Λέσβος, 2006. 
504 |a Βιβλιογραφία: σ. 162-170 
650 0 0 |a Coastal ecology  |z Greece  |z Mykonos Island. 
650 0 0 |a Coasts  |z Greece  |z Mykonos Island. 
650 0 0 |a Landforms  |z Greece  |z Mykonos Island. 
650 0 0 |a Dissertations, Academic  |z Greece. 
700 1 |4 ths  |a Βελεγράκης, Αντώνιος Φ. 
700 1 |4 ths  |a Κουτσούμπας, Δρόσος. 
710 2 |a Πανεπιστήμιο Αιγαίου  |b Σχολή Περιβάλλοντος  |b Τμήμα Επιστημών της Θάλασσας. 
852 |a INST  |b LESVOS  |c DIATR  |e 20070118  |h 183  |p 005100027092  |q 005100027092  |t DIE  |y 23 
852 |a INST  |b LESVOS  |c DIATR  |e 20070118  |h 184  |p 005100027091  |q 005100027091  |t DIE  |y 23 
901 |a BIBL1-2007-1 
909 |a Λ  |b 131798 
909 |a Λ  |b 131799 
924 |a ΕΛΕΥΘΕΡΙΟΥ  |b ΑΝΤΩΝΙΟΣ  |y ΛΕΣΒΟΣ  |z 2006-11 
970 |a ΒΑΜΒΑΔΕΛΗ  |b ΑΝΝΑ  |z 2007/01/18